000 01185nam a2200229Ia 4500
999 _c40416
_d40416
001 7024
003 GE_BSU
005 20231113123725.0
008 181216s1981||||ge |||||||||||||| ||geo||
040 _cGE_BSU
041 _ageo
080 _a821.112.2(494)-31+821.112.2.03=353.1 ფ-93
100 _aფრიში, მაქს
_916235
245 _aHomo Faber : ჩანაწერები, ვიქნები თუნდაც განტენბაინი = Mein name set cantenbein /
_cმაქს ფრიში ; გერმ. თარგმნა დალი კოკაია-ფანჯიკიძემ ; მხატვ. ა. თოდრია.
264 _aთბილისი :
_bსაბჭოთა საქართველო,
_c1981.
300 _a524 გვ. ;
_c20 სმ.
541 _h17ლ.
653 _aHomo Faber : ჩანაწერები, ვიქნები თუნდაც განტენბაინი
700 _aკოკაია-ფანჯიკიძე, დალი
_eმთარგმნელი
_920351
700 _aთოდრია, ა.
_eმხატვარი
_95555
942 _cBK
_2udc